000 00255nam a2200109Ia 4500
008 220204s9999 xx 000 0 und d
082 _a82-3
_bGOE
100 _aGoethe, J W
245 0 _aFaust. Parts 1 and 2
260 _aLondon
_bSphere
_c1974
942 _cBK
999 _c28918
_d28918